Kāmañcari. (Record no. 86688)

MARC details
000 -LEADER
fixed length control field 00604cam a22002171 4500
001 - CONTROL NUMBER
control field sa 68015794
003 - CONTROL NUMBER IDENTIFIER
control field DLC
005 - DATE AND TIME OF LATEST TRANSACTION
control field 20260227112647.0
008 - FIXED-LENGTH DATA ELEMENTS--GENERAL INFORMATION
fixed length control field 890620s1968 ii 000 0 tamo
010 ## - LIBRARY OF CONGRESS CONTROL NUMBER
LC control number sa 68015794
035 ## - SYSTEM CONTROL NUMBER
System control number (OCoLC)19902453
040 ## - CATALOGING SOURCE
Original cataloging agency DLC
Transcribing agency WaU
Modifying agency OCoLC
-- DLC
050 00 - LIBRARY OF CONGRESS CALL NUMBER
Classification number PL4758.9.K774
Item number K3
100 0# - MAIN ENTRY--PERSONAL NAME
Personal name Kul̲antai,
Titles and words associated with a name Pulavar,
Dates associated with a name 1906-1972.
245 10 - TITLE STATEMENT
Title Kāmañcari.
260 ## - PUBLICATION, DISTRIBUTION, ETC.
Date of publication, distribution, etc. 1968.
300 ## - PHYSICAL DESCRIPTION
Extent 21, 244 p.
Dimensions 19 cm.
500 ## - GENERAL NOTE
General note In Tamil.
500 ## - GENERAL NOTE
General note A play based on Mathew Arnold's Sohrab and Rustum.
700 12 - ADDED ENTRY--PERSONAL NAME
Personal name Arnold, Matthew,
Dates associated with a name 1822-1888.
Title of a work Sohrab and Rustum.

No items available.

Powered by Koha